Obras completas de D. Serafín Estébanez Calderón / (Record n. 8043)

Dettagli MARC
000 -LEADER
fixed length control field 00897nam a2200253 i 4500
003 - CONTROL NUMBER IDENTIFIER
control field IT-RoINE
005 - DATE AND TIME OF LATEST TRANSACTION
control field 20150220115552.0
008 - FIXED-LENGTH DATA ELEMENTS--GENERAL INFORMATION
fixed length control field 900725s1955 sp |r 1 spa d
040 ## - CATALOGING SOURCE
Original cataloging agency SpMaBN
Language of cataloging spa
Transcribing agency A2 IT-RoINE
Modifying agency IT-RoINE
100 1# - MAIN ENTRY--PERSONAL NAME
Personal name Estébanez Calderón, Serafín,
Dates associated with a name 1799-1867
9 (RLIN) 16634
240 1# - UNIFORM TITLE
Uniform title Obras
245 10 - TITLE STATEMENT
Title Obras completas de D. Serafín Estébanez Calderón /
Statement of responsibility, etc edición, prologo y notas de Jorge Campos.
246 33 - VARYING FORM OF TITLE
Title proper/short title Vida y obra de D. Serafín Estébanez Calderón "El Solitario"
260 ## - PUBLICATION, DISTRIBUTION, ETC. (IMPRINT)
Place of publication, distribution, etc Madrid :
Name of publisher, distributor, etc Atlas,
Date of publication, distribution, etc 1955.
300 ## - PHYSICAL DESCRIPTION
Extent 2 v. ;
Dimensions 26 cm.
336 ## - CONTENT TYPE
Source rdacontent
Content type term text
337 ## - MEDIA TYPE
Source rdamedia
Media type term unmediated
338 ## - CARRIER TYPE
Source rdacarrier
Carrier type term volume
490 10 - SERIES STATEMENT
Series statement Biblioteca de autores españoles ;
Volume number/sequential designation 78,79
500 ## - GENERAL NOTE
General note Tít. tomado de la cub. del v. 1.
700 1# - ADDED ENTRY--PERSONAL NAME
Personal name Campos, Jorge
Dates associated with a name 1916-1983
9 (RLIN) 16624
830 #0 - SERIES ADDED ENTRY--UNIFORM TITLE
9 (RLIN) 12318
Uniform title Biblioteca de autores españoles
942 ## - ADDED ENTRY ELEMENTS (KOHA)
Item type Monografías
Dati di copia
Withdrawn status Lost status Damaged status Not for loan Home library Current library Date acquired Total Checkouts Full call number Barcode Date last seen Price effective from Koha item type Public note
        Iglesia Nacional Española en Roma Iglesia Nacional Española en Roma 16/02/2015   COL.A 20.78 10793 16/02/2015 16/02/2015 Monografías V. 1.
        Iglesia Nacional Española en Roma Iglesia Nacional Española en Roma 16/02/2015   COL.A 20.79 10794 16/02/2015 16/02/2015 Monografías V. 2.